[Event "Opera Euro Rapid Prelims 2021"]
[Site "Online"]
[Date "2021.02.03"]
[Round "7.8"]
[White "Nakamura, Hikaru"]
[Black "Vidit, Santosh Gujrathi"]
[Result "1/2-1/2"]
[WhiteElo "2736"]
[BlackElo "2726"]
[Annotator "TA"]
[PlyCount "311"]
[EventDate "2021.02.02"]
[EventType "tourn"]
[EventCountry "NET"]
[Tiebreak "Koya+Number of black wins+Number of wins"]
[SourceTitle "playchess.com"]
[Source "ChessBase"]
[SourceQuality "1"]

{[%evp 9,310,0,0,2,6,-4,6,1,13,4,0,6,34,27,52,28,66,21,45,22,22,19,15,27,27,0,
0,-6,-9,-6,-10,-10,-8,0,0,0,0,0,0,-6,10,0,0,0,10,16,11,-11,0,0,0,0,0,0,0,-95,
-110,-173,-183,-162,-163,-198,-185,-231,-229,-227,-147,-142,90,88,90,97,137,
137,276,276,260,246,300,122,122,122,122,122,122,125,145,145,154,61,191,191,191,
191,191,191,191,191,191,191,191,191,191,191,191,191,191,191,191,191,191,191,
191,191,191,191,191,191,191,191,191,191,191,191,191,191,191,191,191,191,191,
147,191,191,191,191,191,191,191,191,191,191,191,191,191,191,191,191,191,191,
191,191,191,191,191,147,191,191,191,147,191,147,191,0,191,0,198,159,159,159,
159,159,159,159,159,159,159,159,159,159,159,159,159,159,159,159,159,159,159,0,
159,159,159,28,28,28,28,28,28,28,28,28,28,28,28,28,28,28,4574,4574,4574,4574,
4574,4574,4574,4574,4574,4574,4574,4574,4574,4574,4574,0,4574,4574,4574,4574,
4574,4574,4574,4574,4574,4574,4574,4574,4574,4574,4574,4574,4574,4574,4574,
4574,4574,4574,4574,4574,4574,4574,4574,4574,4567,4567,4574,4567,4567,4574,
4567,4574,4567,4574,4574,4574,4574,28,4574,4567,4574,4574,4574,32,4574,28,4574,
12,28,28,28,36,4574,4574,4574,36,4566,4566,4574,40,4574,40,4574,4574,4574,612,
4574,612,4574,4574,4574,4574,4574,40,612]} 1. b3 e5 2. Bb2 Nc6 3. e3 Nf6 4. Bb5
e4 5. Ne2 a6 6. Bxc6 {A01: Nimzowitsch-Larsen Opening.} dxc6 7. Ng3 h5 8. Nc3 {
The position is equal.} Bg4 9. f3 exf3 10. gxf3 {[#]} Be6 $146 ({Predecessor:} 
10... h4 11. Nf1 Bh5 12. Qe2 Qd7 13. d3 O-O-O 14. O-O-O Nd5 15. e4 Nxc3 16.
Bxc3 Qh3 {1/2-1/2 (63) Granda Zuniga,J (2652)-Naroditsky,D (2622) Benasque 2015
}) 11. Qe2 Qd7 12. O-O-O O-O-O 13. Rhg1 h4 14. Nge4 (14. Nh1 {with more
complications.} Kb8 15. Nf2 Nh5 16. Kb1 c5 17. f4) 14... Nxe4 15. Nxe4 f6 16.
Kb1 Kb8 17. d4 Qf7 18. Qf2 Be7 19. Nc5 Bc8 20. e4 g5 21. Nd3 Qh7 22. Qe2 Rhe8
23. a4 Qf7 24. Rdf1 Bd6 25. Qf2 Qh7 26. Re1 Qf7 27. f4 gxf4 28. Nxf4 h3 29. d5
cxd5 30. Nxd5 f5 31. Rgf1 Rg8 32. Ne3 (32. Qh4 $11 {remains equal.}) 32... f4
$17 33. Nc4 (33. Qf3 $17 {is a better defense.}) 33... Bb4 $19 34. Rc1 Rg2 35.
Qf3 Rxh2 36. Be5 Rg2 37. Bxf4 Qh7 38. Ne3 Rgg8 (38... Rg6 $17 {stays on course.
} 39. Nd5 Bd6 40. Bxd6 Rgxd6) 39. Nd5 $16 Rxd5 40. exd5 Ba3 {...Qh8 is the
strong threat.} 41. Rce1 $1 Bb4 (41... Qg6 $16 42. Qf2 Qf7) 42. Qe4 $18 Qxe4
43. Rxe4 Bc5 44. d6 (44. b4 $18 {has better winning chances.} Bd6 45. Bxd6 cxd6
46. Rh4) 44... Bxd6 $16 45. Bxd6 cxd6 {[%mdl 4096] Endgame KRR-KRB} 46. Rh4 Kc7
47. Rf6 Rg7 48. Rhh6 Bd7 49. Rxd6 (49. Kb2 $16) 49... h2 (49... Rg1+ $14 50.
Kb2 h2) 50. Rd1 $1 $18 Rg1 51. Rc1 ({But not} 51. Kc1 $2 Bg4 $19) 51... Rg2 52.
Kb2 {aiming for Rh1.} Bf5 {Black hopes to continue with ...Be4.} 53. Rh1 Rxc2+
54. Ka3 Be4 55. R1xh2 Rxh2 56. Rxh2 {KR-KB} a5 57. Kb2 b6 58. Rh4 Bd5 59. Rh7+
Kc6 60. Kc3 Kc5 61. Rh3 Be6 62. Rh6 Bd5 63. Rh8 Be6 64. Re8 $1 {[%cal Re8e6]}
Bd5 65. Re7 Kd6 66. Rg7 Kc5 67. Rg4 Be6 68. Rf4 Bd5 69. Rf6 Be4 70. Rf8 Bd5 71.
Rc8+ Kd6 72. Kb2 Kd7 73. Rc3 Kd6 74. Rc1 Be6 75. Rc2 Bd5 76. Ka3 Bc6 77. Rh2
Kc5 78. Rh5+ Bd5 79. Rg5 Kd6 80. Rg1 Kc5 81. Rd1 Bc6 82. Rd8 Bd5 83. Kb2 Bc6
84. Kc2 Bd5 85. Kc3 Kc6 86. Re8 Kc5 $1 87. Rc8+ Kd6 88. b4 axb4+ 89. Kxb4 Bc6
90. Rg8 Bd7 91. Rh8 Kc7 92. Rh7 Kd6 93. Rg7 Bc6 94. Ra7 Bd7 95. Rb7 Kc6 96. Rb8
Kc7 97. Rh8 Kd6 98. Ra8 Bc6 99. Ra7 Bd7 100. Kc4 Bc6 101. Ra6 ({Better is} 101.
Kb3 $16) 101... Kc7 $1 $11 102. a5 bxa5 103. Kc5 Bg2 104. Ra7+ Kd8 105. Kd6 Ke8
106. Rg7 Bf1 107. Re7+ Kf8 $1 108. Ke6 {White wants to mate with Rf7+.} Kg8 $2
{[%mdl 8192]} (108... Ba6 $11) 109. Kf6 $18 Bd3 110. Rg7+ Kh8 111. Kf7 a4 112.
Rg4 a3 113. Rh4+ Bh7 114. Ra4 {Intending Ra8+ and mate.} Bg8+ 115. Kf8 a2 {[#]}
116. Rh4+ $1 Bh7 117. Rh1 a1=Q 118. Rxa1 Bg8 119. Rg1 Bh7 120. Kf7 Be4 121.
Rg8+ Kh7 122. Rg4 {[%cal Rg4h4]} Bd5+ 123. Kf6 Kh8 124. Rh4+ Kg8 125. Rd4 Ba2
126. Rd2 Bb1 127. Rb2 Bd3 128. Rb3 Bc2 129. Rb8+ Kh7 130. Rb2 Bd3 131. Rg2 Kh8
132. Kf7 Bh7 133. Rg7 Bd3 134. Kf8 Bh7 135. Rc7 Bg8 136. Rc8 Kh7 137. Rc3 $2 ({
White has to play} 137. Ke7 $18 Kg7 138. Rc2) 137... Kh8 $2 {[%mdl 8192]} (
137... Bd5 $11) 138. Rc2 Bh7 139. Rg2 Be4 140. Rg8+ Kh7 {[#]} 141. Rg4 $2 (141.
Rg5 $1 $18 Kh6 142. Re5) 141... Bf5 $2 {[%mdl 8192]} (141... Bc2 $11) 142. Rf4
$2 (142. Rg5 $18 {White threatens Kf7 and mate.} Bb1 143. Kf7) 142... Bc2 143.
Rf2 (143. Kf7 {looks sharper.} Kh6 144. Rg4 Kh5 145. Rg1 Kh4 146. Ke6) 143...
Bd3 144. Rd2 Be4 $2 {[%mdl 8192]} (144... Bc4 $14) 145. Kf7 {[%cal Rd2h2]} Kh8
146. Rd8+ Kh7 147. Rd4 Bg6+ 148. Kf6 $2 (148. Ke7 $18 Kg7 149. Rg4) 148... Bc2
$1 $14 149. Rc4 $2 ({White should play} 149. Rd5 $18 Bb3 150. Rg5) 149... Bb1
$2 {[%mdl 8192]} (149... Bd1 $14) 150. Rc1 Bd3 151. Rd1 (151. Rc7+ $142 Kg8
152. Rg7+ Kh8 153. Rd7) 151... Bc2 152. Rg1 (152. Rd5 $142 Be4 153. Rh5+ Kg8
154. Rg5+ Kh7 155. Rg7+ Kh8 156. Ra7) 152... Kh8 $18 153. Ra1 Bh7 154. Re1 Bg8
155. Rh1+ (155. Re4 $142 Bh7 156. Re8+ Bg8 157. Rd8) 155... Bh7 156. Kf7 {
White used his chance.  Weighted Error Value: White=0.14/Black=0.20} 1/2-1/2

[Event "Opera Euro Rapid Prelims 2021"]
[Site "Online"]
[Date "2021.02.03"]
[Round "8.1"]
[White "Dubov, Daniil"]
[Black "Vidit, Santosh Gujrathi"]
[Result "0-1"]
[WhiteElo "2710"]
[BlackElo "2726"]
[Annotator "TA"]
[PlyCount "66"]
[EventDate "2021.02.02"]
[EventType "tourn"]
[EventCountry "NET"]
[Tiebreak "Koya+Number of black wins+Number of wins"]
[SourceTitle "playchess.com"]
[Source "ChessBase"]
[SourceQuality "1"]

{[%evp 11,66,5,13,5,7,0,0,6,0,-8,-3,0,0,-10,-13,-21,-15,-47,-34,-66,-57,-79,
-62,-74,-39,-205,-212,-206,-209,-208,-201,-202,-201,-198,-208,-200,-189,-487,
-481,-471,-450,-445,-435,-1474,-595,-775,-748,-856,-853,-847,-839,-915,-765,
-781,-756,-921,-879]} 1. e4 e5 2. Nc3 Nf6 3. Bc4 Nc6 4. d3 Na5 5. Bb3 Nxb3 6.
axb3 d5 7. Nf3 {C28: Vienna Game: 2...Nf6 3 Bc4 Nc6.} dxe4 8. Nxe5 exd3 9. O-O
{The position is equal.} Be7 10. Nxd3 {[#]} Bg4 $5 $146 {[%mdl 8] An
interesting novelty.} ({Predecessor:} 10... O-O 11. Qf3 c6 12. h3 Re8 13. Rd1
Be6 14. Be3 Qc7 15. Bf4 Qc8 16. Be5 Nd7 {1-0 (37) Firouzja,A (2702)-Carlsen,M 
(2876) chess24.com INT 2020}) 11. Qe1 O-O 12. Be3 Re8 13. f3 Bf5 14. Qf2 Nd5
15. Nxd5 Qxd5 16. Rad1 Rad8 17. Rfe1 Bb4 18. Re2 {This move loses the game for
White.} (18. Nxb4 $15 Qxd1 19. Nd3 Rxd3 20. cxd3 Qxb3 21. Bxa7) 18... Qb5 $19 {
[%cal Rf5d3]} ({Stronger than} 18... Bxd3 19. Rxd3 Qb5 20. Rxd8 $11) 19. Bf4
Bxd3 20. cxd3 {[#]} Bc5 $1 {...Rxe2 is the strong threat.} 21. Rxe8+ Rxe8 22.
d4 Qxb3 $40 {[%mdl 128] Black attacks with force.} 23. Rc1 {[#]} Bb6 24. Bxc7
$2 (24. Qd2) 24... Rc8 {Black is clearly winning.} 25. Qe1 {Black must now
prevent Bxb6.} Qxb2 26. Kh1 {[#]} Ba5 $1 {[%mdl 512]} 27. Qe3 (27. Bf4 $142
Rxc1 28. Bxc1 Qxg2+ 29. Kxg2 Bxe1 30. Ba3) 27... Bxc7 (27... Bd2 $142 28. Qg1
Qxc1 29. Qxc1 Bxc1) 28. h3 {intending Rxc7.} Qb4 29. d5 Qd6 {[%csl Gc7][%cal
Rd6h2]} 30. f4 Rf8 31. Rc4 Bb6 32. Qe4 h6 33. g4 Rd8 {Weighted Error Value:
White=0.71/Black=0.30} 0-1

[Event "Opera Euro Rapid Prelims 2021"]
[Site "Online"]
[Date "2021.02.03"]
[Round "8.2"]
[White "Radjabov, Teimour"]
[Black "Nakamura, Hikaru"]
[Result "1/2-1/2"]
[WhiteElo "2765"]
[BlackElo "2736"]
[Annotator "TA"]
[PlyCount "34"]
[EventDate "2021.02.02"]
[EventType "tourn"]
[EventCountry "NET"]
[Tiebreak "Koya+Number of black wins+Number of wins"]
[SourceTitle "playchess.com"]
[Source "ChessBase"]
[SourceQuality "1"]

{[%evp 11,34,15,23,14,13,16,29,18,14,27,17,23,33,28,27,17,21,26,21,0,16,0,22,0,
13]} 1. d4 Nf6 2. c4 e6 3. Nf3 d5 4. Nc3 Be7 5. Bf4 O-O 6. e3 Nbd7 7. a3 {
D37: Queen's Gambit Declined: 5 Bf4.} c5 8. cxd5 Nxd5 9. Nxd5 {White has an
edge.} exd5 10. dxc5 Nxc5 11. Be2 Bf6 12. Be5 Bf5 13. Bxf6 $1 {[%mdl 4]
outshines the older 13.0-0.} Qxf6 14. Qd4 Qd6 {[#] Black wants to play ...Nb3.}
15. Qd1 $146 {The position is equal.} (15. Rd1 Rfd8 16. Qd2 Qf6 17. Qd4 Qd6 18.
Qd2 Qf6 19. Qd4 Qd6 {1/2-1/2 (19) Radjabov,T (2765)-Nakamura,H (2736) chess24.
com INT 2020}) ({Predecessor:} 15. Rd1 Rfd8 16. Qd2 Qf6 17. Qd4 Qd6 18. Qd2 Qf6
19. Qd4 Qd6 {1/2-1/2 (19) So,W (2770)-Radjabov,T (2765) chess24.com INT 2020})
15... Qf6 16. Qd4 Qd6 {next ...Nb3 is good for Black.} 17. Qd1 Qf6 {A rather
calm draw.  Weighted Error Value: White=0.07/Black=0.00} 1/2-1/2

[Event "Opera Euro Rapid Prelims 2021"]
[Site "Online"]
[Date "2021.02.03"]
[Round "8.3"]
[White "Ding, Liren"]
[Black "Nepomniachtchi, Ian"]
[Result "1/2-1/2"]
[WhiteElo "2791"]
[BlackElo "2789"]
[Annotator "TA"]
[PlyCount "21"]
[EventDate "2021.02.02"]
[EventType "tourn"]
[EventCountry "NET"]
[Tiebreak "Koya+Number of black wins+Number of wins"]
[SourceTitle "playchess.com"]
[Source "ChessBase"]
[SourceQuality "1"]

{[%evp 11,21,12,14,16,20,12,17,0,22,0,24,0]} 1. d4 Nf6 2. c4 g6 3. g3 c6 4. Bg2
d5 5. cxd5 cxd5 6. Nf3 Bg7 7. Ne5 {[#] D73: Fianchetto Grünfeld: 5 Nf3 .} Ne4
$146 ({Predecessor:} 7... O-O 8. Nc3 Bf5 9. Be3 Qb6 10. Qd2 Rd8 11. O-O Ne4 12.
Nxe4 Bxe4 13. Bh3 Nc6 14. Nxc6 Qxc6 15. Rfc1 Qb6 16. Rc5 e5 17. Rac1 Bf8 {
1-0 (35) Ivanchuk,V (2678)-Shankland,S (2691) chess24.com INT 2020}) 8. Nd2 Nf6
9. Nb1 Ne4 10. Nd2 Nf6 11. Nb1 {A rather calm draw.  Weighted Error Value:
White=0.08/Black=0.01} 1/2-1/2

[Event "Opera Euro Rapid Prelims 2021"]
[Site "Online"]
[Date "2021.02.03"]
[Round "8.4"]
[White "Carlsen, Magnus"]
[Black "Giri, Anish"]
[Result "1/2-1/2"]
[WhiteElo "2862"]
[BlackElo "2764"]
[Annotator "TA"]
[PlyCount "40"]
[EventDate "2021.02.02"]
[EventType "tourn"]
[EventCountry "NET"]
[Tiebreak "Koya+Number of black wins+Number of wins"]
[SourceTitle "playchess.com"]
[Source "ChessBase"]
[SourceQuality "1"]

{[%evp 14,40,10,8,14,-26,-7,-10,-40,-51,0,-6,0,-19,0,0,0,0,0,0,0,0,0,0,0,0,0,0,
0]} 1. e3 d5 2. c4 e6 3. Nf3 Nf6 4. b3 c5 5. Bb2 Nc6 6. cxd5 exd5 7. Bb5 Bd6 8.
O-O O-O {A13: English Opening: 1...e6.} 9. Bxc6 bxc6 10. Nc3 Bg4 11. Ne2 {[#]}
Ne4 $146 (11... Re8 $15) ({Predecessor:} 11... Rb8 12. Qc2 Ne4 13. Ng3 Re8 14.
d3 Nxg3 15. hxg3 Qd7 16. Qc3 f6 17. Nh2 h5 {0-1 (27) Gaerths,R (2251)-Kunin,V 
(2516) Bad Wiessee 2012}) 12. d3 {The position is equal.} Bxf3 13. gxf3 Qg5+
14. Ng3 $1 Nxg3 15. hxg3 Bxg3 16. fxg3 Qxg3+ 17. Kh1 {[#] Hoping for Qe2.} Qh3+
18. Kg1 Qg3+ 19. Kh1 {Threatens to win with Qe2.} Qh3+ 20. Kg1 {And now Rf2
would win.} Qg3+ {Weighted Error Value: White=0.10/Black=0.08} 1/2-1/2

[Event "Opera Euro Rapid Prelims 2021"]
[Site "Online"]
[Date "2021.02.03"]
[Round "8.5"]
[White "Vachier-Lagrave, Maxime"]
[Black "Grischuk, Alexander"]
[Result "1/2-1/2"]
[WhiteElo "2784"]
[BlackElo "2777"]
[Annotator "TA"]
[PlyCount "87"]
[EventDate "2021.02.02"]
[EventType "tourn"]
[EventCountry "NET"]
[Tiebreak "Koya+Number of black wins+Number of wins"]
[SourceTitle "playchess.com"]
[Source "ChessBase"]
[SourceQuality "1"]

{[%evp 15,87,23,18,18,18,8,4,7,7,2,3,8,8,0,10,0,7,0,8,-11,0,0,10,0,11,8,23,14,
14,11,9,0,0,0,0,0,0,0,0,0,0,0,0,0,0,0,0,0,0,0,0,0,0,0,0,0,0,0,0,0,0,0,0,0,0,0,
0,0,0,0,0,0,0,0]} 1. e4 e5 2. Nf3 Nc6 3. Bb5 Nf6 4. O-O Nxe4 5. Re1 Nd6 6. Nxe5
Be7 7. Bf1 Nxe5 8. Rxe5 O-O 9. Nc3 {C67: Ruy Lopez: Berlin Defence: 4 0-0 Nxe4.
} Ne8 10. d4 Bf6 11. Re1 d5 $1 12. Bf4 c6 13. Ne2 {[#]} g6 $146 ({Predecessor:
} 13... Nc7 14. c3 Ne6 15. Bg3 h5 16. h3 Bg5 17. Nc1 h4 18. Bh2 Bf4 19. Nd3
Bxh2+ 20. Kxh2 {1-0 (48) Karjakin,S (2752)-Vidit,S (2726) Chess.com INT 2020})
14. c3 Ng7 15. Qd2 Re8 16. Ng3 Bd7 17. Bd3 Rxe1+ 18. Rxe1 Qf8 19. Be5 Bxe5 20.
Rxe5 f6 21. Re2 Re8 {The position is equal.} 22. h4 Rxe2 23. Nxe2 (23. Qxe2 {
keeps more tension.} Ne6 24. Nf1 Nf4 25. Qe3 Nxd3 26. Qxd3 Qd6 27. Qf3) 23...
Bf5 24. Nf4 Bxd3 25. Nxd3 Nf5 26. h5 Kf7 27. Qf4 Qd6 28. Qf3 Qe7 29. Kf1 Nd6
30. hxg6+ hxg6 31. Qh3 Kg7 32. Nf4 a5 (32... Qe8 {is interesting.} 33. Ne6+ Kg8
34. Qg4 Nc4 35. Nc5 b6) 33. Qe6 Qxe6 34. Nxe6+ $11 {[%mdl 4096] Endgame KN-KN}
Kf7 35. Nc5 Ke7 36. Ke2 g5 37. f3 Kd8 38. g4 b6 39. Nd3 Kd7 40. b3 Nb5 41. Kd2
Nd6 42. Ke2 $1 Nb5 43. Kd2 Nd6 44. Ke2 {A rather calm draw.  Weighted Error
Value: White=0.02/Black=0.02} 1/2-1/2

[Event "Opera Euro Rapid Prelims 2021"]
[Site "Online"]
[Date "2021.02.03"]
[Round "8.6"]
[White "So, Wesley"]
[Black "Duda, Jan-Krzysztof"]
[Result "1-0"]
[WhiteElo "2770"]
[BlackElo "2743"]
[Annotator "TA"]
[PlyCount "179"]
[EventDate "2021.02.02"]
[EventType "tourn"]
[EventCountry "NET"]
[Tiebreak "Koya+Number of black wins+Number of wins"]
[SourceTitle "playchess.com"]
[Source "ChessBase"]
[SourceQuality "1"]

{[%evp 12,179,33,16,26,24,33,4,14,12,12,13,0,13,16,8,16,7,3,4,7,0,0,0,0,-15,43,
0,0,0,0,-20,-2,-2,-16,-25,-30,-77,-58,-48,-4,-6,0,-4,-3,-4,-4,-14,0,0,0,0,0,0,
0,0,0,0,0,0,0,0,0,0,0,0,0,0,0,0,0,0,0,0,0,0,0,0,0,0,0,0,0,0,0,0,0,-59,15,23,99,
99,298,70,286,70,70,70,70,55,70,55,70,70,82,70,70,62,62,62,68,70,74,70,70,72,
72,62,70,0,62,62,63,65,72,29,29,29,62,39,62,62,65,64,64,37,62,62,12837,12837,
12845,12845,12845,12845,12845,0,12845,0,12845,12845,12849,12849,12850,27996,
27997,27997,27998,27998,27994,27994,27995,27995,27996,27996,27997,27997,27995,
27995,27996,27996]} 1. c4 e6 2. Nc3 d5 3. d4 Nf6 4. cxd5 Nxd5 5. e4 Nxc3 6.
bxc3 c5 7. Rb1 $1 {[%mdl 4] outshines the older 7.Nf3.} cxd4 {D35: Queen's
Gambit Declined: Exchange Variation.} 8. cxd4 Nc6 9. Nf3 Bb4+ {The position is
equal.} 10. Bd2 Bxd2+ 11. Qxd2 O-O 12. Bb5 Ne7 13. O-O b6 {[#]} 14. h4 $5 $146
{[%mdl 8] An interesting novelty.} ({Predecessor:} 14. Ne5 Bb7 15. Qe3 Ng6 16.
Nd7 Re8 17. Nc5 bxc5 18. Bxe8 Rb8 19. Ba4 cxd4 20. Qb3 {1-0 (87) Lupulescu,C 
(2652)-Druska,J (2508) chess.com INT 2020}) 14... Bb7 15. Rfe1 Rc8 16. h5 h6
17. Ne5 {aiming for Nd7.} Qd6 18. Rb3 f5 (18... f6 $11 19. Nc4 Qc7) 19. f3 (19.
Rg3 $5 {[%cal Rd2h6]} Kh8 20. Nc4 $11) 19... a6 20. Bf1 b5 21. Qe3 Rfd8 {
White should prevent ...fxe4.} 22. Rd1 Nc6 23. Nxc6 Bxc6 24. a4 {[%cal Ra4b5]}
fxe4 25. fxe4 {[%cal Ra4b5]} Be8 26. axb5 Bxh5 27. Rd2 axb5 28. Rxb5 Bg6 29.
Rd1 Rb8 (29... Qc7 {is more complex.} 30. Be2 Qc2 31. Rb6 Rc3 32. Qd2 Bxe4 33.
Rxe6 Bd5) 30. e5 Qe7 31. Rxb8 Rxb8 32. Bc4 Rd8 33. Qh3 Bf7 34. Qg4 Qd7 35. Qe4
Qa4 36. Be2 Kh8 37. Kh2 (37. Qh4 {keeps more tension.} Qd7 38. Qg4 Bg8 39. Bf3
Qa7 40. Rd2) 37... Bg8 38. Qg4 Qa7 39. Rd2 Qb6 40. Rd3 Qa7 41. Rd1 Qb6 42. Bf3
Qa7 43. Qf4 Qa4 44. Kg3 Qb4 45. Kh3 Rf8 46. Qe3 Rd8 47. g4 Rc8 48. Kg3 Bh7 49.
g5 (49. Ra1 $11) 49... Rc3 (49... h5 $1 $15) 50. Qf4 $11 Qb7 (50... Qe7 $11 51.
gxh6 g5 52. Qf6+ Qxf6 53. exf6 Kg8) 51. Rc1 $16 Rd3 $2 (51... Qb4 $16) 52. Qf8+
$18 Bg8 {[#]} 53. gxh6 $2 (53. g6 $1 $18 {Threatens to win with Rc2.} Rb3 54.
Rc2) 53... Qf7 $1 $14 54. hxg7+ Qxg7+ 55. Qxg7+ Kxg7 {[%mdl 4096] Endgame
KRB-KRB} 56. Rc4 Bf7 {...Bh5 is the strong threat.} 57. Kf4 Rd2 58. Bg4 Kf8 59.
Rc8+ Ke7 $1 60. Rc7+ Kf8 61. Ke3 Rg2 62. Bf3 Rb2 63. Be2 Bg6 64. Bg4 Bf7 65.
Kf4 ({White should try} 65. Rc3 $14) 65... Rb4 (65... Rd2 $1 $11) 66. Rd7 Ke8
67. Rd6 Ke7 68. Bf3 Be8 69. Kg5 Ra4 70. Bg4 Bf7 71. Be2 {Black must now
prevent Rd7+.} Rb4 72. Bf3 Be8 73. Kh6 Bf7 74. Bc6 {And now Kg7 would win.} Rb2
$2 {[%mdl 8192] [#] White stays focused until the end.} (74... Rb1 $14) 75. Kg7
$1 $18 Rc2 76. Rd7+ Ke8 77. Rc7+ Kd8 78. Rd7+ Ke8 79. Rc7+ Kd8 80. Rxf7 Rxc6 {
KR-KR} 81. Kf6 Rc4 82. Kxe6 Rxd4 {White mates.} 83. Rf8+ Kc7 84. Ke7 Rh4 85. e6
Rh7+ 86. Kf6 Rh6+ 87. Kf7 Rh7+ 88. Kg6 Rh1 89. e7 Rg1+ 90. Kh5 {Weighted Error
Value: White=0.14/Black=0.12} 1-0

[Event "Opera Euro Rapid Prelims 2021"]
[Site "Online"]
[Date "2021.02.03"]
[Round "8.7"]
[White "Aronian, Levon"]
[Black "Dominguez Perez, Leinier"]
[Result "1-0"]
[WhiteElo "2781"]
[BlackElo "2758"]
[Annotator "TA"]
[PlyCount "111"]
[EventDate "2021.02.02"]
[EventType "tourn"]
[EventCountry "NET"]
[Tiebreak "Koya+Number of black wins+Number of wins"]
[SourceTitle "playchess.com"]
[Source "ChessBase"]
[SourceQuality "1"]

{[%evp 13,111,8,16,12,18,19,39,0,0,0,18,0,0,0,0,0,0,-7,0,-25,-29,-31,4,-3,-14,
-55,-52,-40,-40,-48,-34,-38,-11,-45,-55,-56,-31,-54,-7,0,-7,-29,0,0,0,0,4,0,16,
0,31,30,42,30,35,35,35,36,55,55,84,84,108,50,102,108,152,152,151,183,185,204,
195,203,185,194,195,194,203,177,422,420,408,315,368,339,355,322,662,653,8204,
9675,5285,4698,12818,12802,29968,29967,29959,12374]} 1. e4 c5 2. Nf3 e6 3. c3
Nf6 4. e5 Nd5 5. d4 cxd4 6. Bc4 d6 7. cxd4 Be7 8. O-O {B22: Sicilian: 2 c3.}
O-O 9. Qe2 Bd7 10. Bxd5 $5 {[%mdl 4] White is slightly better. A promising
side line.} exd5 11. Nc3 {[%cal Bb1c3,Bc3b5,Bb5d4][%mdl 32]} Be6 12. Bf4 Nc6
13. Rfd1 Re8 14. h3 {[#]} h6 $146 ({Predecessor:} 14... Bf8 15. Qd2 Rc8 16.
exd6 Bxd6 17. Bxd6 Qxd6 18. Re1 f6 19. Rac1 Re7 20. Re3 Rce8 {1/2-1/2 (36)
Dory,J (2287)-To,N (2291) Hungary 2016}) 15. Nb5 {[%cal Re5d6]} Bf5 16. Qf1 {
[%cal Re5d6]} dxe5 17. dxe5 a6 18. Nbd4 Be4 19. e6 Bf6 20. exf7+ Kxf7 21. Rac1
Rc8 22. Be3 Qd7 23. Rd2 Kg8 24. Rcd1 Kh7 25. Ne1 Nxd4 26. Bxd4 Bg5 27. Re2 Qb5
{And now ...Bxg2! would win.} 28. f3 $1 {[%cal Rf3e4]} Bg6 29. Rxe8 Qxf1+ (
29... Bxe8 {with more complications.} 30. b3 Bg6 31. Qxb5 axb5 32. Nd3 Bxd3 33.
Rxd3 Rc1+) 30. Kxf1 Rxe8 31. Nd3 (31. Kf2 {looks sharper.} a5 32. g3 Rc8 33.
Bc3 Bf7 34. Bxa5 Ra8 35. Bc3) 31... Bxd3+ (31... Rc8 {is interesting.} 32. Nc5
Bc2 33. Ra1 Bf5 34. b3 b6) 32. Rxd3 $11 {[%mdl 4096] Endgame KRB-KRB} Rd8 33.
Rc3 {Hoping for Rc7!} Rd7 34. Ke2 Kg6 35. Kd3 Bf4 36. Rc8 Kf7 37. h4 h5 38. g4
(38. Rh8 $1 $16) 38... hxg4 (38... Bg3 $14) 39. fxg4 $16 Rc7 40. Rd8 Ke6 41. h5
Bg5 42. Re8+ Kf7 43. Re5 Bf6 44. Rf5 ({Don't play} 44. Rxd5 $6 Ke6 $16) 44...
Ke6 45. Bxf6 gxf6 $18 {[#] KR-KR} 46. h6 $1 Rh7 $2 (46... Rc8 {was necessary.}
47. Rh5 Rg8) 47. Rh5 Kf7 {[#]} 48. Kd4 $1 {[%cal Rd4d5]} Kg6 49. Kxd5 Rd7+ 50.
Ke6 Rh7 (50... Rd8 51. Ke7 Rh8) 51. a4 b5 52. axb5 axb5 53. b4 Rh8 54. h7 Re8+
55. Kd7 Rh8 56. Kc6 {Weighted Error Value: White=0.08/Black=0.47} 1-0

[Event "Opera Euro Rapid Prelims 2021"]
[Site "Online"]
[Date "2021.02.03"]
[Round "8.8"]
[White "Bluebaum, Matthias"]
[Black "Shankland, Sam"]
[Result "0-1"]
[WhiteElo "2670"]
[BlackElo "2691"]
[Annotator "TA"]
[PlyCount "60"]
[EventDate "2021.02.02"]
[EventType "tourn"]
[EventCountry "NET"]
[Tiebreak "Koya+Number of black wins+Number of wins"]
[SourceTitle "playchess.com"]
[Source "ChessBase"]
[SourceQuality "1"]

{[%evp 9,60,25,21,16,28,26,37,20,28,25,29,29,18,26,35,33,10,-23,-33,-78,-25,
-44,0,-2,0,-79,-71,-90,-91,-131,-135,-128,-120,-188,-170,-417,-409,-730,-720,
-723,-710,-699,-685,-1192,-1191,-2267,-2218,-1881,-1313,-1291,-1208,-1583,
-1225]} 1. d4 Nf6 2. Nf3 d5 3. e3 c6 4. h3 Bf5 5. g4 {[#]} Bg6 $146 ({
Predecessor:} 5... Be6 6. Nc3 g6 7. Bg2 Bg7 8. b3 a5 9. a4 Na6 10. Ba3 Qc7 11.
Rc1 Rd8 {1-0 (47) Sodomski,A (2304)-Relyea,A (2340) ICCF email 2018}) 6. Ne5 {
D04: Colle System.} Nfd7 7. Nxg6 hxg6 8. Bg2 {White is slightly better.} e6 9.
Nd2 f5 10. c4 Nf6 11. g5 Ne4 12. Nxe4 dxe4 13. h4 (13. Qb3 $5 {[%cal Rb3b7]})
13... c5 14. dxc5 Nc6 (14... Nd7 $1 $17) 15. a3 Bxc5 16. b4 Bd6 17. Qb3 (17. c5
$1 $11 {remains equal.} Bc7 18. Ra2) 17... Kf7 $17 18. c5 Be5 $36 {[%mdl 2048]
Black is on the roll.} 19. Ra2 {[#]} Rxh4 $3 {[%mdl 576] Remove Defender, Decoy
} 20. Rxh4 {Hoping for Kf1.} Qxg5 {[%mdl 64] Double Attack} 21. b5 {[#]} Na5 $1
$19 {[%cal Ra5b3]} 22. Qb4 (22. Qd1 {only move.} Qxh4 23. Qa4) 22... Qxg2 23.
Bd2 {[#]} (23. Rd2 $142 Qg1+ 24. Ke2 Qxc1 25. Rd1 Qc2+ 26. Rd2) 23... g5 $1 {
Black is clearly winning.} 24. Rh7 {[#]} Kg6 $1 25. Qxa5 Kxh7 26. Kd1 Qxf2 27.
c6 b6 28. Qb4 Qf1+ 29. Be1 Bg3 30. c7 Bxc7 {Weighted Error Value: White=0.86/
Black=0.23} 0-1